[Event "Open"]
[Site "Toscolano-Maderno ITA"]
[Date "1995.10.14"]
[Round "1"]
[White "Sermek, Drazen"]
[Black "Rossi, Giampiero"]
[Result "1-0"]
[WhiteElo "2490"]
[BlackElo "2135"]
[PlyCount "63"]
[EventDate "1995.10.14"]

1. e4 c5 2. c3 d5 3. exd5 Qxd5 4. d4 e6 5. Na3 Nf6 6. Nb5 Qd8 7. Bf4 Nd5 8.
Bxb8 Rxb8 9. Nxa7 Bd7 10. Nb5 Qa5 11. a4 Be7 12. Nf3 cxd4 13. Qxd4 O-O 14. Bd3
Bf6 15. Qe4 g6 16. O-O Rfd8 17. g3 Be8 18. Rfd1 Bg7 19. Qe2 Qb6 20. Be4 Bxb5
21. Qxb5 Qxb5 22. axb5 b6 23. Bxd5 Rxd5 24. Rxd5 exd5 25. Kf1 Rd8 26. Ra4 Kf8
27. Ke2 Ke7 28. Ra6 Rd6 29. Ne1 d4 30. c4 Re6+ 31. Kd1 Kf6 32. Nd3 1-0

[Event "Open"]
[Site "Toscolano-Maderno ITA"]
[Date "1995.10.14"]
[Round "1"]
[White "Simon, Laurent"]
[Black "Sulava, Nenad"]
[Result "0-1"]
[WhiteElo "2095"]
[BlackElo "2390"]
[PlyCount "50"]
[EventDate "1995.10.14"]

1. e4 c5 2. Nc3 e6 3. f4 a6 4. a4 d5 5. Nf3 Nc6 6. d3 g6 7. Be2 Bg7 8. O-O Nge7
9. Qe1 b6 10. Bd1 Bb7 11. f5 gxf5 12. exf5 Nxf5 13. Ng5 Ncd4 14. Nxf7 Kxf7 15.
g4 h5 16. gxf5 Nxf5 17. Bf3 Qd7 18. Qe2 Bxc3 19. Bxh5+ Kf6 20. bxc3 Rhg8+ 21.
Kf2 d4 22. Ke1 Rg2 23. Rf2 Rg1+ 24. Rf1 Rxf1+ 25. Kxf1 Qd5 0-1

[Event "Open"]
[Site "Toscolano-Maderno ITA"]
[Date "1995.10.14"]
[Round "1"]
[White "Stantic, Severino"]
[Black "Coppini, Giorgio"]
[Result "1/2-1/2"]
[WhiteElo "1935"]
[BlackElo "2210"]
[PlyCount "97"]
[EventDate "1995.10.14"]

1. Nf3 d5 2. b3 Bg4 3. Bb2 Nd7 4. d4 e6 5. Nbd2 Ngf6 6. e3 Be7 7. Be2 O-O 8.
O-O c5 9. c4 dxc4 10. bxc4 Qc7 11. Qb3 Rfe8 12. Bd3 Bd6 13. h3 Bxf3 14. Nxf3 e5
15. dxe5 Nxe5 16. Be2 Ne4 17. Rfd1 Rab8 18. Qc2 Nc6 19. a3 Bf8 20. Bd3 Qe7 21.
Nd2 f5 22. Nf3 Rbd8 23. Bf1 g6 24. Rd5 Bh6 25. g3 Bg7 26. Rad1 Nf6 27. Bxf6
Bxf6 28. Nd2 b6 29. Bg2 Qc7 30. Qa4 Ne7 31. Rxd8 Rxd8 32. Nf1 a5 33. Qc2 Rd7
34. Qb1 Rd6 35. Bf3 Qd8 36. Rxd6 Qxd6 37. Qc2 Kg7 38. Qb3 Be5 39. Kg2 Ng8 40.
a4 Nf6 41. Qc2 Qd7 42. Nd2 Ne8 43. Nb1 Qd6 44. Nc3 Bxc3 45. Qxc3+ Qf6 46. Qd3
Qd6 47. Qc3+ Qf6 48. Qc2 h5 49. Qd3 1/2-1/2

[Event "Open"]
[Site "Toscolano-Maderno ITA"]
[Date "1995.10.15"]
[Round "2"]
[White "Agnelli, Francesco"]
[Black "Gorelli Fagiolini, Marco"]
[Result "1/2-1/2"]
[WhiteElo "1979"]
[BlackElo "2074"]
[PlyCount "100"]
[EventDate "1995.10.14"]

1. e4 d6 2. d4 Nf6 3. Nc3 g6 4. f3 Bg7 5. Be3 c6 6. Qd2 O-O 7. g4 Qa5 8. Nge2
Nbd7 9. Nc1 b5 10. Nb3 Qc7 11. h4 e5 12. h5 b4 13. Nd1 d5 14. Bh6 exd4 15. Bxg7
Kxg7 16. hxg6 fxg6 17. Qh6+ Kg8 18. Nxd4 Qg3+ 19. Nf2 Qxf2+ 20. Kxf2 Nxg4+ 21.
Kg3 Nxh6 22. Rxh6 dxe4 23. Bc4+ Kg7 24. Ne6+ Kf6 25. Nxf8 Nxf8 26. fxe4 Kg7 27.
Rah1 Bd7 28. R6h4 Re8 29. Rf1 Re7 30. Rhf4 Ne6 31. Bxe6 Bxe6 32. Rd1 g5 33.
Rff1 h5 34. Rd6 h4+ 35. Kh2 c5 36. b3 c4 37. bxc4 Bxc4 38. Rf5 Rxe4 39. Rxg5+
Kf7 40. Rd2 Bxa2 41. Ra5 b3 42. Rxa7+ Ke6 43. Ra6+ Ke5 44. Ra5+ Kf4 45. cxb3
Bxb3 46. Rb2 Be6 47. Rf2+ Ke3 48. Rb2 Kf4 49. Rh5 Ke3 50. Rhb5 Kd4 1/2-1/2

[Event "Open"]
[Site "Toscolano-Maderno ITA"]
[Date "1995.10.15"]
[Round "2"]
[White "Coppini, Giorgio"]
[Black "Kania, Andreas"]
[Result "1-0"]
[WhiteElo "2210"]
[BlackElo "2235"]
[PlyCount "75"]
[EventDate "1995.10.14"]

1. e4 e6 2. d4 d5 3. Nd2 Nf6 4. e5 Nfd7 5. c3 c5 6. Bd3 Nc6 7. Ne2 cxd4 8. cxd4
f6 9. exf6 Nxf6 10. O-O Bd6 11. Nf3 O-O 12. Nc3 a6 13. Bg5 Qc7 14. Bh4 h6 15.
Bg3 Bxg3 16. hxg3 g5 17. Rc1 Qg7 18. Bb1 Ng4 19. Na4 Rf6 20. Nc5 a5 21. Qd2 Qf7
22. Nh2 e5 23. Nxg4 Bxg4 24. dxe5 Nxe5 25. Qd4 Be2 26. Qxe5 Bxf1 27. Rxf1 Re8
28. Qd4 Kg7 29. Bf5 b6 30. Nd7 Re2 31. Qxf6+ Qxf6 32. Nxf6 Kxf6 33. Bd7 Rxb2
34. a4 Ke5 35. Rd1 d4 36. Bb5 Kd5 37. Kf1 Kc5 38. Ke1 1-0

[Event "Open"]
[Site "Toscolano-Maderno ITA"]
[Date "1995.10.15"]
[Round "2"]
[White "Cugini, Verter"]
[Black "Nurkic, Sahbaz"]
[Result "1-0"]
[WhiteElo "2235"]
[BlackElo "2420"]
[PlyCount "85"]
[EventDate "1995.10.14"]

1. e4 c5 2. g3 d5 3. exd5 Qxd5 4. Nf3 Bg4 5. Bg2 Qe6+ 6. Kf1 Nc6 7. h3 Bh5 8.
d3 O-O-O 9. g4 Bg6 10. Be3 c4 11. d4 Nb4 12. Na3 f6 13. Qd2 Nc6 14. Qc3 h5 15.
Nxc4 hxg4 16. hxg4 Rxh1+ 17. Bxh1 Be4 18. Ncd2 Bd5 19. Qd3 Qxg4 20. c4 Bf7 21.
Qc3 e6 22. a3 Bd6 23. b4 Nge7 24. b5 Nb8 25. Qa5 e5 26. dxe5 fxe5 27. Ng5 Bc7
28. Qxa7 Rxd2 29. Qxb7+ Kd7 30. Nxf7 Qxc4+ 31. Kg1 Qg4+ 32. Bg2 Rd1+ 33. Rxd1+
Qxd1+ 34. Bf1 Qg4+ 35. Qg2 Qxg2+ 36. Bxg2 Nf5 37. Ba7 Kc8 38. b6 Bd6 39. Bh3
Kb7 40. Bxf5 Bxa3 41. Be4+ Kc8 42. b7+ Kc7 43. Bxb8+ 1-0

[Event "Open"]
[Site "Toscolano-Maderno ITA"]
[Date "1995.10.15"]
[Round "2"]
[White "De Santis, Alessio"]
[Black "Stantic, Severino"]
[Result "1/2-1/2"]
[WhiteElo "2260"]
[BlackElo "1935"]
[PlyCount "121"]
[EventDate "1995.10.14"]

1. d4 Nf6 2. Bg5 d5 3. e3 e6 4. Nf3 Be7 5. Bd3 Nbd7 6. Nbd2 c5 7. c3 O-O 8. O-O
b6 9. Qb1 h6 10. Bh4 Bb7 11. b4 c4 12. Bc2 Qc7 13. Re1 Bd6 14. Bg3 Bxg3 15.
hxg3 Rfe8 16. a4 a6 17. b5 a5 18. Qa2 e5 19. Nxe5 Nxe5 20. dxe5 Qxe5 21. Qa3
Qc7 22. Nf3 Re7 23. Rad1 Rae8 24. Rd4 Bc8 25. Rf4 Ng4 26. Rd1 g5 27. Rfd4 Be6
28. e4 dxe4 29. Bxe4 Rd7 30. Bc6 Rxd4 31. cxd4 Rd8 32. d5 c3 33. Qxc3 Rxd5 34.
Re1 Rc5 35. Qd3 Rf5 36. Be4 Rc5 37. Nd4 Ne5 38. Qe2 Bc4 39. Qh5 Nd3 40. Bxd3
Bxd3 41. Qxh6 Re5 42. Rxe5 Qxe5 43. Nf3 Qa1+ 44. Kh2 f6 45. Qh3 f5 46. Nxg5 Qh8
47. Qxh8+ Kxh8 48. Ne6 Bc2 49. Nd4 Bxa4 50. Kg1 Kh7 51. Kf1 Kg6 52. Ke2 Kf6 53.
Kd3 Ke5 54. Kc4 Bd1 55. f3 Ba4 56. Ne2 Bc2 57. Nc3 Kd6 58. Ne2 Ke5 59. Nd4 Bd1
60. Kc3 Ba4 61. Kc4 1/2-1/2

[Event "Open"]
[Site "Toscolano-Maderno ITA"]
[Date "1995.10.15"]
[Round "2"]
[White "Di Lazzaro, Gabriele"]
[Black "Duarte, Riccardo"]
[Result "1-0"]
[WhiteElo "2115"]
[BlackElo "2050"]
[PlyCount "87"]
[EventDate "1995.10.14"]

1. Nf3 Nf6 2. g3 d5 3. Bg2 Nbd7 4. d4 e6 5. O-O c5 6. c3 Be7 7. Nbd2 O-O 8. Re1
b6 9. e4 dxe4 10. Nxe4 Nxe4 11. Rxe4 Bb7 12. Re1 cxd4 13. Qxd4 Bc5 14. Qd3 Qc8
15. Be3 Be7 16. Rad1 Nf6 17. Bg5 Rd8 18. Qb5 Rxd1 19. Rxd1 Bc6 20. Qf1 h6 21.
Bxf6 Bxf6 22. Nd4 Bxd4 23. Rxd4 Bxg2 24. Qxg2 Rb8 25. Qf1 e5 26. Rd5 Qe6 27.
Qb5 Re8 28. Qd7 Qe7 29. Kf1 f6 30. Ke2 Kf8 31. b4 Qxd7 32. Rxd7 Re7 33. Rxe7
Kxe7 34. a4 Kd6 35. Kd3 f5 36. f3 g5 37. h3 a6 38. g4 fxg4 39. hxg4 b5 40. axb5
axb5 41. c4 bxc4+ 42. Kxc4 Kc6 43. b5+ Kb6 44. Kd5 1-0

[Event "Open"]
[Site "Toscolano-Maderno ITA"]
[Date "1995.10.15"]
[Round "2"]
[White "Dusi, Valerio"]
[Black "Simon, Laurent"]
[Result "1/2-1/2"]
[WhiteElo "1905"]
[BlackElo "2095"]
[PlyCount "97"]
[EventDate "1995.10.14"]

1. d4 d5 2. c4 Bf5 3. cxd5 Bxb1 4. Qa4+ c6 5. dxc6 Nxc6 6. Rxb1 e5 7. Nf3 Bb4+
8. Bd2 Bxd2+ 9. Nxd2 Qxd4 10. Qxd4 exd4 11. g3 Nge7 12. Bg2 O-O-O 13. O-O Kb8
14. Rfe1 Rhe8 15. Rbc1 Nd5 16. Rc5 Ndb4 17. Kf1 d3 18. e3 Nxa2 19. Bxc6 bxc6
20. Rxc6 Nb4 21. Rc4 Nc2 22. Rd1 Re5 23. Rd4 Rb5 24. b3 Rd7 25. Rc4 f5 26. Rc3
Rbd5 27. Nc4 Nb4 28. Nd2 g6 29. Ra1 Nc2 30. Ra4 Kb7 31. Rac4 Ra5 32. Ra4 Rb5
33. Rac4 Nb4 34. Rc1 Nc2 35. Rd1 Re5 36. Nf3 Red5 37. Rc3 Nb4 38. Nd4 Re5 39.
Rc4 a5 40. Ke1 Rxd4 41. Rxd4 Nc2+ 42. Kd2 Nxd4 43. exd4 Re2+ 44. Kxd3 Rxf2 45.
Rh1 Kc6 46. Kc4 Rc2+ 47. Kd3 Rb2 48. Kc3 Rf2 49. Kc4 1/2-1/2

[Event "Open"]
[Site "Toscolano-Maderno ITA"]
[Date "1995.10.15"]
[Round "2"]
[White "Naumkin, Igor"]
[Black "Medancic, Rikard"]
[Result "1-0"]
[WhiteElo "2455"]
[BlackElo "2340"]
[PlyCount "91"]
[EventDate "1995.10.14"]

1. d4 d5 2. c4 e6 3. Nf3 Nf6 4. Nc3 c6 5. Bg5 h6 6. Bxf6 Qxf6 7. e3 g6 8. Bd3
Bg7 9. e4 dxc4 10. Bxc4 O-O 11. O-O Nd7 12. e5 Qe7 13. Qe2 b5 14. Bb3 a5 15.
Qe4 Bb7 16. Rfe1 a4 17. Bc2 Qb4 18. a3 Qa5 19. h4 h5 20. Ng5 b4 21. Nxa4 Qb5
22. Nc5 Nxc5 23. dxc5 b3 24. Bd1 Ra4 25. Qe3 Rxh4 26. Ne4 Bxe5 27. g3 Rxe4 28.
Qxe4 Bg7 29. Qb4 Qa6 30. Bxb3 Qa8 31. Rad1 Ba6 32. Rd7 Qc8 33. Rd6 Re8 34. Ba4
Bb7 35. Red1 Bf8 36. Rd7 Ba6 37. Qh4 Be2 38. R1d2 Bh6 39. R2d6 Rf8 40. Bxc6 Bg4
41. Qe7 Kg7 42. Rb7 Bc1 43. a4 h4 44. Qxh4 e5 45. Qf6+ Kh6 46. Rxf7 1-0

[Event "Open"]
[Site "Toscolano-Maderno ITA"]
[Date "1995.10.15"]
[Round "2"]
[White "Rossi, Giampiero"]
[Black "Peric, Slavisa"]
[Result "1/2-1/2"]
[WhiteElo "2135"]
[BlackElo "2250"]
[PlyCount "70"]
[EventDate "1995.10.14"]

1. d4 Nf6 2. c4 e6 3. Nc3 Bb4 4. Qc2 d5 5. cxd5 exd5 6. Bg5 c6 7. a3 Be7 8. e3
Bg4 9. Bd3 Nbd7 10. Nge2 Nf8 11. O-O h6 12. Bh4 Nh5 13. Bxe7 Qxe7 14. b4 Nf6
15. Rfc1 Rc8 16. Bf5 Bxf5 17. Qxf5 Qe6 18. Ng3 a6 19. Rc2 g6 20. Qf3 N8d7 21.
Rac1 O-O 22. a4 Nb6 23. b5 axb5 24. axb5 c5 25. dxc5 Rxc5 26. Nge2 Rfc8 27. Nd4
Qe5 28. Qg3 Qxg3 29. hxg3 Kg7 30. Kf1 Ne4 31. Nxe4 Rxc2 32. Rxc2 Rxc2 33. Nxc2
dxe4 34. Ke2 Nc4 35. Nd4 Kf6 1/2-1/2

[Event "Open"]
[Site "Toscolano-Maderno ITA"]
[Date "1995.10.15"]
[Round "2"]
[White "Sulava, Nenad"]
[Black "Sermek, Drazen"]
[Result "1/2-1/2"]
[WhiteElo "2390"]
[BlackElo "2490"]
[PlyCount "23"]
[EventDate "1995.10.14"]

1. c4 c5 2. Nc3 Nc6 3. g3 g6 4. Bg2 Bg7 5. e3 e6 6. Nge2 Nge7 7. d4 cxd4 8.
Nxd4 d5 9. cxd5 Nxd4 10. exd4 Nxd5 11. Nxd5 exd5 12. O-O 1/2-1/2

[Event "Open"]
[Site "Toscolano-Maderno ITA"]
[Date "1995.10.16"]
[Round "3"]
[White "Coppini, Giorgio"]
[Black "Sulava, Nenad"]
[Result "0-1"]
[WhiteElo "2210"]
[BlackElo "2390"]
[PlyCount "60"]
[EventDate "1995.10.14"]

1. e4 c5 2. Nf3 e6 3. d3 Nc6 4. g3 d5 5. Nbd2 Nf6 6. Bg2 b6 7. O-O Bb7 8. Re1
Be7 9. h4 Qc7 10. exd5 Nxd5 11. Nc4 Rd8 12. Bg5 O-O 13. a4 Bxg5 14. hxg5 Nde7
15. Nce5 Rd5 16. Qe2 Ng6 17. Nxc6 Bxc6 18. Qe3 Qd8 19. Nh4 Re5 20. Qd2 Nxh4 21.
gxh4 Rxe1+ 22. Qxe1 Bxg2 23. Kxg2 Qd4 24. Qe3 Qxb2 25. Rc1 Rd8 26. Kg3 Qa3 27.
h5 Qxa4 28. g6 Qd4 29. Qg5 hxg6 30. hxg6 Qf6 0-1

[Event "Open"]
[Site "Toscolano-Maderno ITA"]
[Date "1995.10.16"]
[Round "3"]
[White "Gorelli Fagiolini, Marco"]
[Black "De Santis, Alessio"]
[Result "1/2-1/2"]
[WhiteElo "2074"]
[BlackElo "2260"]
[PlyCount "102"]
[EventDate "1995.10.14"]

1. d4 d6 2. c4 g6 3. Nc3 Bg7 4. Nf3 Nf6 5. e4 O-O 6. Be2 Bg4 7. Be3 c6 8. O-O
Qa5 9. h3 Bxf3 10. Bxf3 Nbd7 11. a3 e5 12. d5 Qc7 13. Rc1 a6 14. b4 c5 15. Be2
h5 16. g4 hxg4 17. hxg4 Nh7 18. Qd2 Bf6 19. Na4 b6 20. Rb1 Rfb8 21. bxc5 bxc5
22. f3 Qd8 23. Qc2 Bg5 24. Bf2 Bf4 25. Kg2 Kg7 26. Nb2 Qa5 27. Na4 Nhf6 28. Be1
Qd8 29. Nb2 Be3 30. Nd3 Rxb1 31. Qxb1 Rb8 32. Qc2 Qb6 33. Bd1 Qb1 34. Qe2 Bg5
35. Bc3 Qb7 36. Bc2 Qc8 37. Nf2 Bf4 38. Nh3 g5 39. Nxf4 gxf4 40. Rh1 Nf8 41.
Kf2 Ng6 42. Ke1 Qc7 43. Kd2 Rh8 44. Rxh8 Nxh8 45. Qh2 Ng6 46. Kd3 Nh7 47. Qh5
Qd8 48. Be1 Qb8 49. Bc3 Nf6 50. Qh1 Nd7 51. Ba4 Nf6 1/2-1/2

[Event "Open"]
[Site "Toscolano-Maderno ITA"]
[Date "1995.10.16"]
[Round "3"]
[White "Kania, Andreas"]
[Black "Rossi, Giampiero"]
[Result "1/2-1/2"]
[WhiteElo "2235"]
[BlackElo "2135"]
[PlyCount "49"]
[EventDate "1995.10.14"]

1. d4 d5 2. c4 e6 3. Nc3 Nf6 4. Nf3 Nbd7 5. cxd5 exd5 6. g3 c6 7. Bg2 Bd6 8.
Qc2 O-O 9. Bf4 Qe7 10. Bxd6 Qxd6 11. e3 Re8 12. h3 Nf8 13. Ne5 g6 14. g4 N6d7
15. Nd3 Ne6 16. Ne2 b6 17. Rc1 Bb7 18. O-O Rac8 19. Rfd1 Rc7 20. b4 Rec8 21.
Qb2 Ba6 22. Nef4 Nxf4 23. Nxf4 Bc4 24. a3 b5 25. Re1 1/2-1/2

[Event "Open"]
[Site "Toscolano-Maderno ITA"]
[Date "1995.10.16"]
[Round "3"]
[White "Medancic, Rikard"]
[Black "Di Lazzaro, Gabriele"]
[Result "1-0"]
[WhiteElo "2340"]
[BlackElo "2115"]
[PlyCount "81"]
[EventDate "1995.10.14"]

1. d4 g6 2. c4 Bg7 3. e4 c5 4. d5 d6 5. Bd3 Nf6 6. Nc3 O-O 7. Nge2 e6 8. O-O
exd5 9. cxd5 b6 10. Bg5 Ba6 11. Bxa6 Nxa6 12. Qd3 Nc7 13. f4 Qd7 14. Rad1 Rfe8
15. Ng3 Ng4 16. e5 dxe5 17. f5 e4 18. Ncxe4 Bd4+ 19. Kh1 Nxd5 20. h3 Ne5 21.
Qb3 Kg7 22. fxg6 hxg6 23. Nf6 Nxf6 24. Bxf6+ Kg8 25. Rf4 Qe6 26. Rdf1 Nc6 27.
Ne4 Qxb3 28. Rh4 Bxf6 29. Nxf6+ Kf8 30. axb3 Red8 31. Rh7 Rab8 32. Ne4 Ne5 33.
Re1 Ke7 34. Ng5 Kf6 35. Nxf7 Nxf7 36. Rf1+ Kg5 37. Rfxf7 Rd1+ 38. Kh2 Rd2 39.
h4+ Kg4 40. h5 gxh5 41. Rfg7+ 1-0

[Event "Open"]
[Site "Toscolano-Maderno ITA"]
[Date "1995.10.16"]
[Round "3"]
[White "Nurkic, Sahbaz"]
[Black "Peric, Slavisa"]
[Result "1-0"]
[WhiteElo "2420"]
[BlackElo "2250"]
[PlyCount "35"]
[EventDate "1995.10.14"]

1. e4 d5 2. exd5 Nf6 3. c4 c6 4. d4 cxd5 5. Nc3 g6 6. Nf3 Bg7 7. h3 O-O 8. Be2
dxc4 9. Bxc4 e6 10. O-O Nc6 11. Re1 b6 12. a3 Bb7 13. Bg5 a6 14. Ba2 Rc8 15. d5
exd5 16. Nxd5 h6 17. Nxf6+ Bxf6 18. Qxd8 1-0

[Event "Open"]
[Site "Toscolano-Maderno ITA"]
[Date "1995.10.16"]
[Round "3"]
[White "Pipitone, Antonio"]
[Black "Agnelli, Francesco"]
[Result "1/2-1/2"]
[WhiteElo "2125"]
[BlackElo "1979"]
[PlyCount "102"]
[EventDate "1995.10.14"]

1. e4 c5 2. Nf3 Nc6 3. d4 cxd4 4. Nxd4 Nf6 5. Nc3 e5 6. Ndb5 d6 7. Bg5 a6 8.
Bxf6 gxf6 9. Na3 b5 10. Nd5 f5 11. exf5 Bxf5 12. c3 Bg7 13. Nc2 Be6 14. Nce3
O-O 15. g3 Rb8 16. Bg2 a5 17. O-O b4 18. Qd2 f5 19. Nc4 Kh8 20. Nde3 bxc3 21.
bxc3 e4 22. Qxd6 Qxd6 23. Nxd6 Bxc3 24. Rac1 Nd4 25. Kh1 Bb2 26. Rc7 Bxa2 27.
Ra7 Bc3 28. Rc1 Bd2 29. Rcc7 Bg8 30. h4 Nb5 31. Nxb5 Rxb5 32. Bf1 Rb1 33. Kg2
Bxe3 34. fxe3 Rd8 35. Rxa5 f4 36. exf4 Rd2+ 37. Kh3 Rxf1 38. Rc8 Rh1+ 39. Kg4
Rd7 40. f5 Rf1 41. Re8 Rg7+ 42. Kh3 Rf3 43. Rxe4 Rfxg3+ 44. Kh2 Rg2+ 45. Kh1
Rd2 46. Ra8 h5 47. f6 Rc7 48. Re1 Ra2 49. Rae8 Rc4 50. f7 Rxh4+ 51. Kg1 Rg4+
1/2-1/2

[Event "Open"]
[Site "Toscolano-Maderno ITA"]
[Date "1995.10.16"]
[Round "3"]
[White "Sermek, Drazen"]
[Black "Cugini, Verter"]
[Result "1-0"]
[WhiteElo "2490"]
[BlackElo "2235"]
[PlyCount "45"]
[EventDate "1995.10.14"]

1. e4 e6 2. d4 d5 3. Nd2 Nf6 4. Bd3 dxe4 5. Nxe4 Nbd7 6. Qe2 c5 7. Nxc5 Nxc5 8.
dxc5 Bxc5 9. Nf3 O-O 10. Bg5 Be7 11. O-O-O Qa5 12. Kb1 Rd8 13. Ne5 Qc7 14. f4
Bd7 15. Bxh7+ Kf8 16. Bd3 Bc6 17. h4 Rd4 18. h5 Nd5 19. h6 gxh6 20. Bxh6+ Ke8
21. Bg7 Ba3 22. Rh8+ Ke7 23. Nxc6+ 1-0

[Event "Open"]
[Site "Toscolano-Maderno ITA"]
[Date "1995.10.16"]
[Round "3"]
[White "Simon, Laurent"]
[Black "Luciani, Carlo"]
[Result "0-1"]
[WhiteElo "2095"]
[BlackElo "2285"]
[PlyCount "72"]
[EventDate "1995.10.14"]

1. e4 e5 2. f4 Qh4+ 3. g3 Qe7 4. Nc3 exf4 5. Qf3 c6 6. Nge2 fxg3 7. Qxg3 d6 8.
d4 Nf6 9. Bg2 Nh5 10. Qf2 Bg4 11. Be3 Nd7 12. O-O O-O-O 13. b4 Qf6 14. Qe1 Qg6
15. Kh1 Re8 16. b5 c5 17. Rg1 Kb8 18. Nd5 f6 19. Nec3 cxd4 20. Bxd4 Nc5 21. Qf2
Qf7 22. e5 Rc8 23. exf6 Nxf6 24. Nxf6 gxf6 25. Bd5 Be6 26. Bxe6 Qxe6 27. Rae1
Qc4 28. Bxf6 Rg8 29. Rgf1 Rg6 30. Bd4 Rg4 31. Bxc5 dxc5 32. h3 Rd4 33. Ne2 Rh4
34. Qg3+ Ka8 35. Nc3 Rh6 36. Re4 Qxf1+ 0-1

[Event "Open"]
[Site "Toscolano-Maderno ITA"]
[Date "1995.10.16"]
[Round "3"]
[White "Stantic, Severino"]
[Black "Dusi, Valerio"]
[Result "1-0"]
[WhiteElo "1935"]
[BlackElo "1905"]
[PlyCount "85"]
[EventDate "1995.10.14"]

1. Nf3 Nf6 2. b3 g6 3. Bb2 Bg7 4. e4 d6 5. d3 O-O 6. Be2 Nc6 7. Nbd2 e5 8. O-O
Nh5 9. Nc4 Nf4 10. Ne3 Bd7 11. Re1 Ne6 12. c3 f5 13. exf5 gxf5 14. Qc2 Nf4 15.
Bf1 Ne7 16. g3 Nfg6 17. Bg2 f4 18. Nc4 Bg4 19. Ncd2 fxg3 20. hxg3 Nc6 21. b4
Qd7 22. Nh2 Bf5 23. Qb3+ Kh8 24. Ne4 Rae8 25. Rad1 Be6 26. c4 Qf7 27. Rd2 Bh6
28. Rc2 Nge7 29. b5 Na5 30. Qc3 b6 31. f4 Bg7 32. Ng5 Qg6 33. Nxe6 Qxe6 34.
fxe5 Ng6 35. Rce2 dxe5 36. Qd2 Rd8 37. Qe3 Qd6 38. Be4 Rfe8 39. Ng4 c6 40. Nh6
Rd7 41. Nf5 Qc5 42. Qxc5 bxc5 43. Bc3 1-0

[Event "Open"]
[Site "Toscolano-Maderno ITA"]
[Date "1995.10.17"]
[Round "4"]
[White "Cugini, Verter"]
[Black "Stantic, Severino"]
[Result "1-0"]
[WhiteElo "2235"]
[BlackElo "1935"]
[PlyCount "109"]
[EventDate "1995.10.14"]

1. e4 c5 2. g3 Nc6 3. Bg2 g6 4. Ne2 Bg7 5. O-O e6 6. c3 Qb6 7. Na3 Nge7 8. Nc4
Qc7 9. Ne3 e5 10. Nd5 Nxd5 11. exd5 Ne7 12. d4 d6 13. dxe5 Bxe5 14. Bh6 Nf5 15.
Bf4 Bg7 16. Qa4+ Bd7 17. Qe4+ Kf8 18. Qc2 h5 19. Bf3 Bf6 20. Qd2 Kg7 21. Nc1
Nh6 22. Bg5 Qd8 23. Bxf6+ Qxf6 24. Bg2 h4 25. Nb3 Bb5 26. Rfe1 hxg3 27. hxg3
Ng4 28. Qf4 Qxf4 29. gxf4 Rhe8 30. Na5 Ba6 31. Bf1 Bxf1 32. Kxf1 Rxe1+ 33. Rxe1
b6 34. Nb7 Nf6 35. c4 b5 36. b3 bxc4 37. bxc4 Kf8 38. Nxd6 Rb8 39. f3 Rb2 40.
Re2 Rb1+ 41. Kf2 a6 42. Ke3 Rb6 43. Ne4 Nd7 44. Nc3 Rf6 45. Rh2 Kg7 46. Na4 Nb6
47. Nxb6 Rxb6 48. Rc2 Rb1 49. Rc3 Rd1 50. Ra3 Rd4 51. Rd3 Rxd3+ 52. Kxd3 Kf6
53. Kc3 Ke7 54. Kb3 Kd6 55. Ka4 1-0

[Event "Open"]
[Site "Toscolano-Maderno ITA"]
[Date "1995.10.17"]
[Round "4"]
[White "De Santis, Alessio"]
[Black "Agnelli, Francesco"]
[Result "1-0"]
[WhiteElo "2260"]
[BlackElo "1979"]
[PlyCount "78"]
[EventDate "1995.10.14"]

1. d4 Nf6 2. Nf3 c5 3. c3 b6 4. Bf4 g6 5. Qb3 cxd4 6. cxd4 Bg7 7. Nc3 O-O 8. e4
Bb7 9. Bd3 d6 10. Rd1 Nbd7 11. O-O Nh5 12. Bg5 h6 13. Be3 e5 14. dxe5 Nxe5 15.
Be2 Qf6 16. Nxe5 dxe5 17. Bxh5 gxh5 18. Rd7 Bc6 19. Nd5 Bxd5 20. Qxd5 Kh7 21.
Rd1 Qg6 22. Rc1 h4 23. h3 Bf6 24. Rcc7 Kg8 25. Rxf7 Rxf7 26. Qxa8+ Rf8 27. Rc8
Bg7 28. Rxf8+ Bxf8 29. Qd5+ Kh8 30. Qxe5+ Bg7 31. Qb8+ Kh7 32. Qb7 Qd6 33. Qxa7
Qd1+ 34. Kh2 Qd6+ 35. f4 Qd3 36. Qxb6 Qxe4 37. b4 Kg8 38. a4 Kh7 39. a5 Kg8 1-0

[Event "Open"]
[Site "Toscolano-Maderno ITA"]
[Date "1995.10.17"]
[Round "4"]
[White "Duarte, Riccardo"]
[Black "Simon, Laurent"]
[Result "0-1"]
[WhiteElo "2050"]
[BlackElo "2095"]
[PlyCount "98"]
[EventDate "1995.10.14"]

1. e4 e5 2. Nf3 Nc6 3. Bb5 Nge7 4. O-O g6 5. d4 exd4 6. Nxd4 Bg7 7. Nxc6 bxc6
8. Bc4 O-O 9. c3 d5 10. Bd3 Rb8 11. Nd2 f5 12. exf5 Nxf5 13. Qa4 Nh4 14. Nb3
Qf6 15. f4 Bf5 16. Bxf5 Qxf5 17. Nd2 Qg4 18. Rf2 Rfe8 19. Kf1 d4 20. Qc4+ Kh8
21. Nf3 dxc3 22. bxc3 Rbd8 23. Bb2 Nf5 24. Qxc6 Qxf4 25. Kg1 Qd6 26. Qxd6 Rxd6
27. Raf1 Rc6 28. Ng5 Kg8 29. Rf3 h6 30. Nh3 Re2 31. R3f2 Re4 32. Rc2 Ne3 33.
Re2 Nxf1 34. Rxe4 Nd2 35. Re3 Nc4 36. Re2 Nxb2 37. Rxb2 Rxc3 38. Rb8+ Kf7 39.
Rb7 Rc2 40. Nf4 Bd4+ 41. Kf1 Rf2+ 42. Ke1 Rxf4 43. Rxc7+ Ke6 44. Rc6+ Kf5 45.
h3 h5 46. Rc8 Ke4 47. Rc2 Rf6 48. Re2+ Be3 49. Rb2 Rb6 0-1

[Event "Open"]
[Site "Toscolano-Maderno ITA"]
[Date "1995.10.17"]
[Round "4"]
[White "Gorelli Fagiolini, Marco"]
[Black "Coppini, Giorgio"]
[Result "0-1"]
[WhiteElo "2074"]
[BlackElo "2210"]
[PlyCount "82"]
[EventDate "1995.10.14"]

1. d4 d5 2. c4 c6 3. Nc3 Nf6 4. e3 a6 5. Nf3 Nbd7 6. Bd3 g6 7. O-O Bg7 8. cxd5
Nxd5 9. e4 Nc7 10. Be3 O-O 11. Qe2 Nb5 12. a4 Nxc3 13. bxc3 Qa5 14. Nd2 Qc7 15.
f4 Nf6 16. Kh1 c5 17. h3 cxd4 18. cxd4 Bd7 19. Rfc1 Qd8 20. Nb3 b5 21. a5 Qb8
22. Nc5 Rd8 23. Rab1 Bc8 24. Na4 Nh5 25. Qf2 Qd6 26. Nb6 Rb8 27. Be2 Qa3 28. e5
Qxa5 29. Nxc8 Rbxc8 30. g4 Rxc1+ 31. Rxc1 Nf6 32. exf6 Bxf6 33. Bf3 Qa3 34. d5
b4 35. Rb1 b3 36. Bd4 Bxd4 37. Qxd4 Rc8 38. Qb2 Qxb2 39. Rxb2 Rc1+ 40. Bd1
Rxd1+ 41. Kg2 Rd3 0-1

[Event "Open"]
[Site "Toscolano-Maderno ITA"]
[Date "1995.10.17"]
[Round "4"]
[White "Luciani, Carlo"]
[Black "Pipitone, Antonio"]
[Result "1-0"]
[WhiteElo "2285"]
[BlackElo "2125"]
[PlyCount "123"]
[EventDate "1995.10.14"]

1. e4 c5 2. Nf3 d6 3. d4 cxd4 4. Nxd4 Nf6 5. Nc3 Nc6 6. Bc4 e6 7. Be3 a6 8. Qe2
Qc7 9. O-O-O Be7 10. Rhg1 Nxd4 11. Rxd4 Bd7 12. g4 h6 13. h4 b5 14. Bb3 Nh7 15.
g5 hxg5 16. hxg5 Nf8 17. f4 Rb8 18. g6 fxg6 19. f5 b4 20. fxe6 bxc3 21. exd7+
Nxd7 22. Bf4 cxb2+ 23. Kb1 Qc5 24. Rgd1 Rxb3 25. cxb3 Ne5 26. Qxa6 Rh4 27. Rd5
Qb4 28. Rxe5 dxe5 29. Qxg6+ Kf8 30. Qf5+ Kg8 31. Qxe5 Bf6 32. Qd5+ Kh7 33. Qf5+
Kh8 34. Be5 Qxe4+ 35. Qxe4 Rxe4 36. Bxf6 gxf6 37. Rg1 f5 38. a4 f4 39. Kxb2 f3
40. Kc3 f2 41. Rf1 Rf4 42. a5 Kg8 43. b4 Kf8 44. a6 Ke7 45. a7 Rf3+ 46. Kc4 Ra3
47. Rxf2 Rxa7 48. Rd2 Rc7+ 49. Kb5 Rc1 50. Kb6 Rb1 51. b5 Ke8 52. Rd4 Ke7 53.
Kc7 Rc1+ 54. Kb7 Rb1 55. b6 Rb2 56. Kc7 Rc2+ 57. Kb8 Rb2 58. b7 Rb1 59. Kc7
Rc1+ 60. Kb6 Rb1+ 61. Kc6 Ke8 62. Rd5 1-0

[Event "Open"]
[Site "Toscolano-Maderno ITA"]
[Date "1995.10.17"]
[Round "4"]
[White "Naumkin, Igor"]
[Black "Sermek, Drazen"]
[Result "1/2-1/2"]
[WhiteElo "2455"]
[BlackElo "2490"]
[PlyCount "31"]
[EventDate "1995.10.14"]

1. d4 d5 2. c4 dxc4 3. e3 Nf6 4. Bxc4 e6 5. Nf3 a6 6. O-O c5 7. Qe2 b5 8. Bd3
Nbd7 9. Nc3 Bb7 10. Rd1 Qb8 11. h3 Be7 12. a3 O-O 13. dxc5 Nxc5 14. Bc2 Nfe4
15. Nxe4 Bxe4 16. Bxe4 1/2-1/2